Statistiques concernant Les pays enclavés d'Afrique sur une carte

Cliquez ici pour prendre le quiz!

Statistiques générales

  • Ce quiz a été pris 118 fois
  • Le résultat moyen est 13 sur 16

Réponses sur la Carte

Les réponses sont colorées sur une échelle allant du rouge au vert en fonction du pourcentage des utilisateurs qui les ont devinées à leur premier essai. Vous pouvez retrouver ces pourcentages ci-dessous.
 

Statistiques - réponses

Réponse% Correct
Mali
97%
Tchad
95%
Éthiopie
92%
République centrafricaine
92%
Niger
90%
Soudan du Sud
89%
Burkina Faso
88%
Lesotho
88%
Botswana
84%
Malawi
82%
Ouganda
79%
Burundi
78%
Eswatini
78%
Zimbabwe
77%
Rwanda
70%
Zambie
70%

Distribution des résultats

Percentile par nombre de réponses

% des personnes avec chaque résultat

Votre développement - résultats

Vous n’avez pas pris ce quiz